[Event "NOR-chB"]
[Site "Oslo"]
[Date "2023.07.06"]
[Round "7"]
[White "Nygaard, Trond"]
[Black "Strand, Aud Norunn"]
[Result "1-0"]
[WhiteElo "1441"]
[BlackElo "1450"]
[PlyCount "85"]
[EventDate "2023.06.30"]
[EventType "swiss"]
[EventRounds "9"]
[EventCountry "NOR"]
[SourceTitle "EXT 2024"]
[Source "ChessBase"]
[SourceDate "2023.10.10"]
[SourceVersion "1"]
[SourceVersionDate "2023.10.10"]
[SourceQuality "1"]

1. e4 c6 2. Nc3 d5 3. Nf3 Bg4 4. exd5 cxd5 5. Be2 Nf6 6. Nd4 Bxe2 7. Qxe2 Nc6 8. Nxc6 bxc6 9. d4 e6 10. 0-0 Be7 11. f4 0-0 12. f5 exf5 13. Rxf5 Re8 14. Bg5 Ne4 15. Bxe7 Rxe7 16. Re1 Qb6 17. Nxe4 Qxd4+ 18. Qf2 Rxe4 19. Rxe4 Qxf2+ 20. Kxf2 dxe4 21. Re5 g6 22. Rxe4 Rb8 23. b3 Rb5 24. g4 a5 25. c4 Rb6 26. g5 a4 27. c5 Rb8 28. Rxa4 Kg7 29. Rf4 Rd8 30. Ke3 Rd5 31. h4 Rxc5 32. Rc4 Re5+ 33. Kf3 c5 34. a4 h6 35. gxh6+ Kxh6 36. a5 f6 37. a6 g5 38. hxg5+ fxg5 39. a7 Re8 40. Rxc5 Ra8 41. Ra5 Kh5 42. Kg3 Kg6 43. b4 1-0

[Event "Bergen Grand Prix C"]
[Site "Bergen"]
[Date "2013.10.19"]
[Round "2"]
[White "Hitland, Adrian"]
[Black "Strand, Aud Norunn"]
[Result "1/2-1/2"]
[WhiteElo "1199"]
[BlackElo "1012"]
[PlyCount "112"]
[EventDate "2013.10.18"]
[EventType "swiss"]
[EventRounds "5"]
[EventCountry "NOR"]
[SourceTitle "EXT 2024"]
[Source "ChessBase"]
[SourceDate "2023.10.10"]
[SourceVersion "1"]
[SourceVersionDate "2023.10.10"]
[SourceQuality "1"]

1. e4 c6 2. d4 d5 3. Nc3 dxe4 4. Nxe4 Bf5 5. Ng3 Bg6 6. h4 h6 7. Nf3 Nd7 8. h5 Bh7 9. Bd3 Bxd3 10. Qxd3 e6 11. Bd2 Ngf6 12. 0-0-0 Be7 13. Qe2 b5 14. Ne5 Qc7 15. Rde1 Nd5 16. c4 N5b6 17. Nxf7 Rf8 18. Ne5 Nxe5 19. Qxe5 Qxe5 20. Rxe5 Nxc4 21. Re2 Nxd2 22. Kxd2 Bg5+ 23. Kd3 Kd7 24. Ne4 Bf6 25. Nc5+ Kd6 26. Nxe6 Rfe8 27. Nf4 Rxe2 28. Nxe2 Rd8 29. Rd1 c5 30. Kc2 Kc6 31. dxc5 Rxd1 32. Kxd1 Bxb2 33. Ng3 Kxc5 34. Kc2 Be5 35. Nf5 a5 36. f4 Bf6 37. Ne3 Kd4 38. Nf5+ Ke4 39. Nd6+ Kxf4 40. Nxb5 Kg4 41. Kd3 Kxh5 42. Ke3 Kg4 43. Kf2 g5 44. Nd6 h5 45. Kg1 h4 46. Nc4 h3 47. Ne3+ Kg3 48. Nf1+ Kh4 49. g3+ Kh5 50. Kh2 g4 51. Ne3 Kg5 52. Nc4 Bc3 53. Nd6 Be1 54. a4 Kf6 55. Nc4 Kf5 56. Ne3+ Kg5 1/2-1/2